Statistics for Animals that Start with T

Click here to take the quiz!

General Stats

  • This quiz has been taken 49,468 times
  • The average score is 13 of 18

Answer Stats

Clue Animal % Correct
Biggest type of catTiger
100%
Thanksgiving dinner centerpieceTurkey
96%
Slow-moving, shelled reptileTurtle
95%
Carnivorous dinosaur that had a
huge mouth and tiny arms
Tyrannosaurus
88%
Large, hairy spiderTarantula
87%
Large, land-dwelling variety of aboveTortoise
87%
Warty frogToad
85%
Varieties include bluefin and albacoreTuna
83%
"Demonic" marsupial of TasmaniaTasmanian Devil
78%
Three-horned dinosaurTriceratops
77%
Juvenile stage of an amphibianTadpole
73%
Fruit Loops mascot birdToucan
71%
Digestive tract wormTapeworm
67%
Freshwater salmon relativeTrout
63%
African biting fly that spreads
sleeping sickness
Tsetse Fly
46%
Lives in tropical forests and
has a flexible snout
Tapir
34%
Commonly farmed fish of
Middle Eastern origin
Tilapia
29%
Tiny primate with huge eyesTarsier
13%

Score Distribution

Percentile by Number Answered

Percent of People with Each Score

Your Score History

You have not taken this quiz